Sociální a terapeutická práce s osobami s hraniční poruchou osobnosti : absolventská práce / Natálie Kurčová ; vedoucí práce Ivana Čihánková
Absolventská práce se věnuje diagnóze hraniční porucha osobnosti, která spadá do osobnostních poruch. Cílem této práce je zjistit specifika sociální a terapeutické práce s lidmi s hraniční poruchou osobnosti. Práce je rozdělena na poznatky z odborné literatury věnující se hraniční poruše jako diagnóze, sociální a terapeutické práci s lidmi s HPO. Poté je v absolventské práci představeno šetření, které mělo za cíl zjistit specifika sociální práce s lidmi s hraniční poruchou osobnosti. Šetření probíhalo se čtyřmi sociálními pracovníky pražských sociálních služeb orientujících se na práci s lidmi s duševním onemocněním. Závěr vystihuje některá specifika práce s lidmi s hraniční poruchou osobnosti, které vycházejí z rozhovorů se sociálními pracovníky a odborné literatury.
Record details
- Physical Description: 58 stran : přílohy ; 31 cm
Content descriptions
| Dissertation Note: | Absolventská práce (Dis.), Jabok - Vyšší odborná škola sociálně pedagogická a teologická, 2023 |
| Bibliography, etc. Note: | Obsahuje bibliografii |
Search for related items by subject
| Genre: | absolventské práce |
Available copies
- 1 of 1 copy available at Common Catalog SPOK.
Holds
- 0 current holds with 1 total copy.
Show Only Available Copies
| Location | Call Number / Copy Notes | Barcode | Shelving Location | Status | Due Date |
|---|---|---|---|---|---|
| Jabok Library | ABP-2574 | 424480046545 | Absolventské práce | Reference | - |
Electronic resources
Version of Resource: Plný text
| LDR | ntm a22 i 4500 | ||
|---|---|---|---|
| 001 | 58102 | ||
| 003 | CZ-PrJAB | ||
| 005 | 20241116124513.0 | ||
| 007 | ta | ||
| 008 | 241116s2023 xr e 000 0 cze | ||
| 040 | . | ‡aABG312 ‡bcze ‡erda | |
| 041 | 0 | . | ‡acze ‡beng |
| 072 | 7. | ‡a364-1/-7 ‡xDruhy sociální pomoci a služeb ‡2Konspekt ‡918 | |
| 100 | 1 | . | ‡aKurčová, Natálie ‡4aut |
| 245 | 1 | 0. | ‡aSociální a terapeutická práce s osobami s hraniční poruchou osobnosti : ‡babsolventská práce / ‡cNatálie Kurčová ; vedoucí práce Ivana Čihánková |
| 264 | 0. | ‡c2023 | |
| 300 | . | ‡a58 stran : ‡bpřílohy ; ‡c31 cm | |
| 336 | . | ‡atext ‡btxt ‡2rdacontent | |
| 337 | . | ‡abez média ‡bn ‡2rdamedia | |
| 338 | . | ‡asvazek ‡bnc ‡2rdacarrier | |
| 502 | . | ‡aAbsolventská práce (Dis.), Jabok - Vyšší odborná škola sociálně pedagogická a teologická, 2023 | |
| 504 | . | ‡aObsahuje bibliografii | |
| 520 | 3 | . | ‡aAbsolventská práce se věnuje diagnóze hraniční porucha osobnosti, která spadá do osobnostních poruch. Cílem této práce je zjistit specifika sociální a terapeutické práce s lidmi s hraniční poruchou osobnosti. Práce je rozdělena na poznatky z odborné literatury věnující se hraniční poruše jako diagnóze, sociální a terapeutické práci s lidmi s HPO. Poté je v absolventské práci představeno šetření, které mělo za cíl zjistit specifika sociální práce s lidmi s hraniční poruchou osobnosti. Šetření probíhalo se čtyřmi sociálními pracovníky pražských sociálních služeb orientujících se na práci s lidmi s duševním onemocněním. Závěr vystihuje některá specifika práce s lidmi s hraniční poruchou osobnosti, které vycházejí z rozhovorů se sociálními pracovníky a odborné literatury. |
| 653 | 0 | . | ‡ahraniční porucha osobnosti ‡apsychoterapie ‡aspecifika sociální práce |
| 653 | 0 | . | ‡aspecifika terapeutické práce ‡asociální práce |
| 655 | 7. | ‡aabsolventské práce ‡7ph202176 ‡2czenas | |
| 700 | 1 | . | ‡aČihánková, Ivana ‡4ths |
| 710 | 2 | . | ‡aJabok - Vyšší odborná škola sociálně pedagogická a teologická |
| 856 | 4 | 1. | ‡uhttps://is.jabok.cz/th/x7lqy/Absolventska_prace.pdf ‡yPlný text |
| 910 | . | ‡aABG312 | |
| 901 | . | ‡a58102 ‡bAUTOGEN ‡c58102 ‡tbiblio | |